000 00905nam a2200217 a 4500
003 0
005 20250623084629.0
008 021121s19uu xx 00 eng d
050 _aPGS JF 1051
_b.R457 1998
100 _aReyes, Paula Erika.
245 _aThe perception of the 4th year students of Southville International School, school year 1997-1998 regarding the May 1998 elections /
_cPaula Erika Reyes.
260 _aLas PiƱas City, Philippines :
_bSouthville International School and Colleges,
_c1998.
300 _a27 pages :
_billustrations ;
_c28 cm.
504 _aIncludes bibliographical references.
650 _aPolitical socialization
_zPhilippines.
650 _aElections
_vPhilippines
_z1998.
650 _aPolitical participation
_vYouth
_zPhilippines.
650 _aCivic education
_zPhilippines.
650 _aHigh school students
_zPhilippines
_vAttitudes.
942 _2lcc
_cPASS
999 _c96315
_d96315